نشيب و فر ا ز (Record no. 93325)

MARC details
000 -LEADER
fixed length control field 00803nam a22002297a 4500
005 - DATE AND TIME OF LATEST TRANSACTION
control field 20150505160022.0
008 - FIXED-LENGTH DATA ELEMENTS--GENERAL INFORMATION
fixed length control field 140714b xxu||||| |||| 00| 0 Urdu d
010 ## - LCCN (DPL NO)
LC control number UR-8847
020 ## - INTERNATIONAL STANDARD BOOK NUMBER
Terms of availability 250.00
035 ## - SYSTEM CONTROL NUMBER
System control number U-7402
037 ## - SOURCE OF ACQUISITION
Source of stock number/acquisition BPPD/Pub/Ven
040 ## - CATALOGING SOURCE
Original cataloging agency DPL
Language of cataloging Urdu
082 ## - DEWEY DECIMAL CLASSIFICATION NUMBER
Classification number 920
100 ## - MAIN ENTRY--PERSONAL NAME
Personal name فا ر و قی محمد ا بو الفضل
245 ## - TITLE STATEMENT
Title نشيب و فر ا ز
Statement of responsibility, etc فا ر و قی محمد ا بو الفضل
246 ## - VARYING FORM OF TITLE
Title proper/short title Nasheb -o-Faraz
Remainder of title by Farooqi Mohd. Abulfazal
250 ## - EDITION STATEMENT
Edition statement Ed.byMohd. Arif Iqbal
260 ## - PUBLICATION, DISTRIBUTION, ETC. (IMPRINT)
Name of publisher, distributor, etc Applied Publications
Date of publication, distribution, etc 2009
Place of publication, distribution, etc Maharashtra
270 ## - ADDRESS
Address 2724A/16,Ist floor,Metropole,Bldg.Behind Moti Mehal Restaurant,Darya Ganj
City New Delhi
Telephone number 23246857 -
Postal code 110002
300 ## - PHYSICAL DESCRIPTION
Extent 240+16ص
Dimensions 22Cm (Hb)
942 ## - ADDED ENTRY ELEMENTS (KOHA)
Source of classification or shelving scheme Dewey Decimal Classification
Item type Urdu Bks
Edition
Classification part 920
Call number suffix ف ا ر
Holdings
Withdrawn status Lost status Source of classification or shelving scheme Damaged status Not for loan Collection code Home library Current library Date acquired Source of acquisition Cost, normal purchase price Total Checkouts Full call number Barcode Date last seen Copy number Cost, replacement price Koha item type
    Dewey Decimal Classification   Not For Loan Non-fiction D.B.Act.Division D.B.Act.Division 05/05/2015 DBAD/Pub. 250.00   920 ف ا ر U-7402 05/05/2015 1 250.00 Urdu Bks

© Delhi Public Library
Hit Counter
free hit counter